[Event "DVM U20 2020"]
[Site "Willingen GER"]
[Date "2021.06.24"]
[Round "2"]
[White "Meiwes, Thore"]
[Black "von Estorff, Jacob"]
[Result "0-1"]
[Termination "normal"]
[Board "4.2"]
[WhiteElo "2054"]
[BlackElo "2125"]
[WhiteClock "00:04:10"]
[BlackClock "00:02:44"]
[WhiteTeam "SK Lehrte von 1919 e. V."]
[BlackTeam "Post SV Uelzen"]
[PlyCount "186"]
[WhiteFideId "16201256"]
[BlackFideId "12974501"]
[EventCountry "GER"]
[EventRounds "7"]
[EventType "team-swiss"]
[EventDate "2021.06.23"]

1. d4 {[%clk 01:30:57]} {[%emt 00:00:02]} Nf6 {[%clk 01:30:36]} {[%emt
00:00:25]} 2. Bf4 {[%clk 01:31:16]} {[%emt 00:00:11]} c5 {[%clk 01:30:32]}
{[%emt 00:00:34]} 3. e3 {[%clk 01:31:35]} {[%emt 00:00:10]} g6 {[%clk
01:30:25]} {[%emt 00:00:39]} 4. c3 {[%clk 01:31:46]} {[%emt 00:00:17]} Bg7
{[%clk 01:30:45]} {[%emt 00:00:11]} 5. Nd2 {[%clk 01:32:01]} {[%emt 00:00:14]}
b6 {[%clk 01:29:53]} {[%emt 00:01:22]} 6. Ngf3 {[%clk 01:31:36]} {[%emt
00:00:55]} Bb7 {[%clk 01:29:52]} {[%emt 00:00:32]} 7. h3 {[%clk 01:31:16]}
{[%emt 00:00:49]} d6 {[%clk 01:28:07]} {[%emt 00:02:16]} 8. Be2 {[%clk
01:31:33]} {[%emt 00:00:14]} Nbd7 {[%clk 01:28:02]} {[%emt 00:00:35]} 9. O-O
{[%clk 01:31:39]} {[%emt 00:00:23]} O-O {[%clk 01:27:46]} {[%emt 00:00:46]} 10.
Bh2 {[%clk 01:32:04]} {[%emt 00:00:05]} Re8 {[%clk 01:27:05]} {[%emt 00:01:12]}
11. a4 {[%clk 01:31:07]} {[%emt 00:01:27]} e5 {[%clk 01:25:58]} {[%emt
00:01:36]} 12. Nc4 {[%clk 01:28:29]} {[%emt 00:03:08]} Ne4 {[%clk 01:19:20]}
{[%emt 00:07:09]} 13. Nfd2 {[%clk 01:12:56]} {[%emt 00:16:03]} Nxd2 {[%clk
01:14:58]} {[%emt 00:04:52]} 14. Qxd2 {[%clk 01:12:38]} {[%emt 00:00:47]} Nf6
{[%clk 01:12:45]} {[%emt 00:02:44]} 15. dxe5 {[%clk 01:10:47]} {[%emt
00:02:20]} Ne4 {[%clk 01:09:02]} {[%emt 00:04:14]} 16. Qc2 {[%clk 01:09:55]}
{[%emt 00:01:21]} d5 {[%clk 00:54:58]} {[%emt 00:14:35]} 17. Rfd1 {[%clk
01:00:33]} {[%emt 00:09:51]} Qh4 {[%clk 00:49:06]} {[%emt 00:06:22]} 18. Bf3
{[%clk 00:48:14]} {[%emt 00:12:49]} dxc4 {[%clk 00:47:39]} {[%emt 00:01:58]}
19. g3 {[%clk 00:48:29]} {[%emt 00:00:14]} Qxh3 {[%clk 00:40:39]} {[%emt
00:07:31]} 20. Bxe4 {[%clk 00:46:51]} {[%emt 00:02:07]} Rab8 {[%clk 00:38:41]}
{[%emt 00:02:28]} 21. Bxb7 {[%clk 00:45:40]} {[%emt 00:01:41]} Rxb7 {[%clk
00:39:00]} {[%emt 00:00:12]} 22. Qe4 {[%clk 00:45:41]} {[%emt 00:00:28]} Rbe7
{[%clk 00:39:04]} {[%emt 00:00:26]} 23. Qxc4 {[%clk 00:44:20]} {[%emt
00:01:50]} Rxe5 {[%clk 00:38:08]} {[%emt 00:01:28]} 24. Qf1 {[%clk 00:43:47]}
{[%emt 00:01:02]} Qe6 {[%clk 00:34:37]} {[%emt 00:04:01]} 25. a5 {[%clk
00:42:18]} {[%emt 00:02:00]} h5 {[%clk 00:33:03]} {[%emt 00:02:04]} 26. axb6
{[%clk 00:42:03]} {[%emt 00:00:44]} axb6 {[%clk 00:32:14]} {[%emt 00:01:20]}
27. Ra7 {[%clk 00:40:52]} {[%emt 00:01:39]} Rf5 {[%clk 00:31:27]} {[%emt
00:01:17]} 28. Qg2 {[%clk 00:39:42]} {[%emt 00:01:41]} Bh6 {[%clk 00:28:57]}
{[%emt 00:03:00]} 29. Ra8 {[%clk 00:37:40]} {[%emt 00:02:32]} Kh7 {[%clk
00:26:41]} {[%emt 00:02:47]} 30. Rxe8 {[%clk 00:37:18]} {[%emt 00:00:52]} Qxe8
{[%clk 00:27:06]} {[%emt 00:00:05]} 31. Rd5 {[%clk 00:32:04]} {[%emt 00:05:44]}
Rf6 {[%clk 00:15:55]} {[%emt 00:11:40]} 32. g4 {[%clk 00:28:43]} {[%emt
00:03:52]} hxg4 {[%clk 00:16:12]} {[%emt 00:00:12]} 33. Qxg4 {[%clk 00:28:02]}
{[%emt 00:01:10]} Qa8 {[%clk 00:15:32]} {[%emt 00:01:10]} 34. Qd1 {[%clk
00:27:06]} {[%emt 00:01:26]} Qa2 {[%clk 00:13:30]} {[%emt 00:02:33]} 35. Rd2
{[%clk 00:25:23]} {[%emt 00:02:12]} Rf5 {[%clk 00:13:08]} {[%emt 00:00:53]} 36.
Bg3 {[%clk 00:24:28]} {[%emt 00:01:24]} Qc4 {[%clk 00:10:47]} {[%emt 00:02:50]}
37. Qe2 {[%clk 00:22:13]} {[%emt 00:02:46]} Qe4 {[%clk 00:10:49]} {[%emt
00:00:28]} 38. Rd3 {[%clk 00:17:15]} {[%emt 00:05:29]} Rh5 {[%clk 00:06:18]}
{[%emt 00:05:01]} 39. f3 {[%clk 00:16:51]} {[%emt 00:00:53]} Qe6 {[%clk
00:06:35]} {[%emt 00:00:13]} 40. Kf2 {[%clk 00:14:31]} {[%emt 00:02:51]} Rh1
{[%clk 00:03:47]} {[%emt 00:03:19]} 41. e4 {[%clk 00:11:14]} {[%emt 00:03:45]}
Ra1 {[%clk 00:02:03]} {[%emt 00:02:15]} 42. Rd1 {[%clk 00:08:25]} {[%emt
00:03:15]} Ra2 {[%clk 00:02:09]} {[%emt 00:00:29]} 43. Qb5 {[%clk 00:03:46]}
{[%emt 00:05:07]} Bg7 {[%clk 00:27:23]} {[%emt 00:05:17]} 44. Rh1+ {[%clk
00:31:12]} {[%emt 00:03:03]} Kg8 {[%clk 00:27:33]} {[%emt 00:00:21]} 45. Ke3
{[%clk 00:30:05]} {[%emt 00:01:37]} Bf6 {[%clk 00:25:04]} {[%emt 00:03:00]} 46.
Rh2 {[%clk 00:26:16]} {[%emt 00:04:18]} Ra5 {[%clk 00:21:44]} {[%emt 00:03:49]}
47. Qd3 {[%clk 00:25:06]} {[%emt 00:02:08]} Bg5+ {[%clk 00:18:37]} {[%emt
00:03:11]} 48. f4 {[%clk 00:17:50]} {[%emt 00:07:46]} Qg4 {[%clk 00:17:47]}
{[%emt 00:01:20]} 49. Kf2 {[%clk 00:18:16]} {[%emt 00:00:03]} Be7 {[%clk
00:16:27]} {[%emt 00:01:50]} 50. Qe2 {[%clk 00:18:08]} {[%emt 00:00:39]} Qe6
{[%clk 00:16:25]} {[%emt 00:00:31]} 51. Kf3 {[%clk 00:17:49]} {[%emt 00:00:50]}
Ra1 {[%clk 00:15:47]} {[%emt 00:01:08]} 52. Qb5 {[%clk 00:15:11]} {[%emt
00:03:08]} Bf8 {[%clk 00:15:05]} {[%emt 00:01:12]} 53. Qd3 {[%clk 00:15:04]}
{[%emt 00:00:36]} Qc6 {[%clk 00:11:21]} {[%emt 00:04:14]} 54. Qd8 {[%clk
00:09:54]} {[%emt 00:05:40]} Ra8 {[%clk 00:10:14]} {[%emt 00:01:37]} 55. Qd3
{[%clk 00:06:20]} {[%emt 00:04:04]} Bg7 {[%clk 00:09:23]} {[%emt 00:01:22]} 56.
Rd2 {[%clk 00:06:21]} {[%emt 00:00:27]} Re8 {[%clk 00:09:11]} {[%emt 00:00:43]}
57. Qd5 {[%clk 00:06:36]} {[%emt 00:00:15]} Qb5 {[%clk 00:08:54]} {[%emt
00:00:46]} 58. Qd3 {[%clk 00:06:48]} {[%emt 00:00:19]} Qa4 {[%clk 00:08:32]}
{[%emt 00:00:50]} 59. Qc2 {[%clk 00:06:14]} {[%emt 00:01:05]} Qa1 {[%clk
00:07:49]} {[%emt 00:01:14]} 60. Rd1 {[%clk 00:06:27]} {[%emt 00:00:17]} Qa2
{[%clk 00:08:15]} {[%emt 00:00:04]} 61. Rd7 {[%clk 00:05:40]} {[%emt 00:01:12]}
b5 {[%clk 00:08:04]} {[%emt 00:00:46]} 62. Bf2 {[%clk 00:05:22]} {[%emt
00:00:48]} Qe6 {[%clk 00:07:50]} {[%emt 00:00:43]} 63. Rd5 {[%clk 00:04:54]}
{[%emt 00:00:57]} Qh3+ {[%clk 00:07:43]} {[%emt 00:00:39]} 64. Bg3 {[%clk
00:04:47]} {[%emt 00:00:36]} Bf8 {[%clk 00:07:49]} {[%emt 00:00:24]} 65. e5
{[%clk 00:04:33]} {[%emt 00:00:44]} Ra8 {[%clk 00:07:13]} {[%emt 00:01:06]} 66.
Qg2 {[%clk 00:03:59]} {[%emt 00:01:04]} Qh5+ {[%clk 00:07:35]} {[%emt
00:00:08]} 67. Kf2 {[%clk 00:03:52]} {[%emt 00:00:37]} Ra1 {[%clk 00:07:09]}
{[%emt 00:00:56]} 68. Rd2 {[%clk 00:03:06]} {[%emt 00:01:16]} c4 {[%clk
00:07:24]} {[%emt 00:00:16]} 69. Qd5 {[%clk 00:02:56]} {[%emt 00:00:39]} Qh3
{[%clk 00:07:40]} {[%emt 00:00:14]} 70. Qg2 {[%clk 00:01:48]} {[%emt 00:01:39]}
Bc5+ {[%clk 00:07:58]} {[%emt 00:00:11]} 71. Kf3 {[%clk 00:02:05]} {[%emt
00:00:13]} Qh5+ {[%clk 00:03:13]} {[%emt 00:05:15]} 72. Ke4 {[%clk 00:02:34]}
Qf5+ {[%clk 00:03:31]} {[%emt 00:00:14]} 73. Kf3 {[%clk 00:02:17]} {[%emt
00:00:47]} Kg7 {[%clk 00:02:42]} {[%emt 00:01:18]} 74. Qh2 {[%clk 00:01:40]}
{[%emt 00:01:08]} Rf1+ {[%clk 00:02:34]} {[%emt 00:00:37]} 75. Bf2 {[%clk
00:01:08]} {[%emt 00:01:02]} g5 {[%clk 00:01:36]} {[%emt 00:01:29]} 76. Qg3
{[%clk 00:00:35]} {[%emt 00:01:03]} Qxf4+ {[%clk 00:00:53]} {[%emt 00:01:12]}
77. Qxf4 {[%clk 00:00:47]} {[%emt 00:00:18]} gxf4 {[%clk 00:01:21]} {[%emt
00:00:04]} 78. Kxf4 {[%clk 00:00:58]} {[%emt 00:00:19]} Rxf2+ {[%clk 00:01:27]}
{[%emt 00:00:24]} 79. Rxf2 {[%clk 00:01:23]} {[%emt 00:00:04]} Bxf2 {[%clk
00:01:54]} {[%emt 00:00:04]} 80. Ke4 {[%clk 00:01:52]} {[%emt 00:00:01]} Kg6
{[%clk 00:01:04]} {[%emt 00:01:20]} 81. Kd5 {[%clk 00:02:19]} {[%emt 00:00:03]}
Be3 {[%clk 00:00:56]} {[%emt 00:00:38]} 82. e6 {[%clk 00:01:53]} {[%emt
00:00:56]} f5 {[%clk 00:00:53]} {[%emt 00:00:33]} 83. Kc6 {[%clk 00:02:09]}
{[%emt 00:00:15]} Kf6 {[%clk 00:00:58]} {[%emt 00:00:25]} 84. Kxb5 {[%clk
00:02:25]} {[%emt 00:00:13]} f4 {[%clk 00:00:59]} {[%emt 00:00:30]} 85. Kxc4
{[%clk 00:02:52]} {[%emt 00:00:02]} f3 {[%clk 00:01:26]} {[%emt 00:00:04]} 86.
Kd3 {[%clk 00:03:16]} {[%emt 00:00:06]} f2 {[%clk 00:01:52]} {[%emt 00:00:03]}
87. Ke2 {[%clk 00:03:42]} {[%emt 00:00:04]} Kxe6 {[%clk 00:02:20]} {[%emt
00:00:02]} 88. c4 {[%clk 00:03:30]} {[%emt 00:00:42]} Ke5 {[%clk 00:01:52]}
{[%emt 00:00:58]} 89. b4 {[%clk 00:03:54]} {[%emt 00:00:07]} Kf4 {[%clk
00:01:09]} {[%emt 00:01:12]} 90. c5 {[%clk 00:03:52]} {[%emt 00:00:32]} Kg3
{[%clk 00:01:35]} {[%emt 00:00:05]} 91. Kf1 {[%clk 00:04:14]} {[%emt 00:00:07]}
Bd4 {[%clk 00:01:52]} {[%emt 00:00:13]} 92. c6 {[%clk 00:04:06]} {[%emt
00:00:38]} Bb6 {[%clk 00:02:18]} {[%emt 00:00:05]} 93. b5 {[%clk 00:04:10]}
{[%emt 00:00:26]} Bc7 {[%clk 00:02:44]} {[%emt 00:00:04]} 0-1

[Event "DVM U20 2020"]
[Site "Willingen GER"]
[Date "2021.06.24"]
[Round "2"]
[White "Bargsten, Justus"]
[Black "Reimer, Philip"]
[Result "1/2-1/2"]
[Termination "normal"]
[Board "4.3"]
[WhiteElo "2052"]
[BlackElo "1993"]
[WhiteClock "00:56:41"]
[BlackClock "00:05:43"]
[WhiteTeam "Post SV Uelzen"]
[BlackTeam "SK Lehrte von 1919 e. V."]
[PlyCount "88"]
[WhiteFideId "12974188"]
[BlackFideId "16235860"]
[EventCountry "GER"]
[EventRounds "7"]
[EventType "team-swiss"]
[EventDate "2021.06.23"]

1. e4 {[%clk 01:30:55]} {[%emt 00:00:04]} c5 {[%clk 01:30:55]} {[%emt
00:00:05]} 2. Nf3 {[%clk 01:31:16]} {[%emt 00:00:10]} Nc6 {[%clk 01:31:20]}
{[%emt 00:00:05]} 3. Nc3 {[%clk 01:31:40]} {[%emt 00:00:06]} e5 {[%clk
01:31:41]} {[%emt 00:00:08]} 4. Bc4 {[%clk 01:32:04]} {[%emt 00:00:05]} d6
{[%clk 01:32:06]} {[%emt 00:00:07]} 5. d3 {[%clk 01:32:19]} {[%emt 00:00:15]}
Be7 {[%clk 01:32:31]} {[%emt 00:00:05]} 6. O-O {[%clk 01:32:40]} {[%emt
00:00:08]} Nf6 {[%clk 01:32:56]} {[%emt 00:00:06]} 7. Ng5 {[%clk 01:33:04]}
{[%emt 00:00:05]} O-O {[%clk 01:33:19]} {[%emt 00:00:07]} 8. f4 {[%clk
01:33:28]} {[%emt 00:00:07]} Bg4 {[%clk 01:33:13]} {[%emt 00:00:37]} 9. Qe1
{[%clk 01:33:51]} {[%emt 00:00:07]} exf4 {[%clk 01:31:55]} {[%emt 00:01:47]}
10. Bxf4 {[%clk 01:33:31]} {[%emt 00:00:49]} Nd4 {[%clk 01:31:40]} {[%emt
00:00:47]} 11. Qf2 {[%clk 01:33:46]} {[%emt 00:00:14]} h6 {[%clk 01:29:14]}
{[%emt 00:02:55]} 12. Nf3 {[%clk 01:33:51]} {[%emt 00:00:24]} Nxf3+ {[%clk
01:29:39]} {[%emt 00:00:06]} 13. gxf3 {[%clk 01:34:14]} {[%emt 00:00:07]} Bh3
{[%clk 01:29:27]} {[%emt 00:00:41]} 14. Bxh6 {[%clk 01:33:48]} {[%emt
00:00:57]} Bxf1 {[%clk 01:29:01]} {[%emt 00:00:55]} 15. Qg3 {[%clk 01:34:10]}
{[%emt 00:00:07]} Nh5 {[%clk 01:29:10]} {[%emt 00:00:21]} 16. Qg4 {[%clk
01:34:33]} {[%emt 00:00:07]} Qc8 {[%clk 01:27:33]} {[%emt 00:02:05]} 17. Rxf1
{[%clk 01:34:38]} {[%emt 00:00:27]} Qxg4+ {[%clk 01:27:22]} {[%emt 00:00:42]}
18. fxg4 {[%clk 01:35:00]} {[%emt 00:00:08]} gxh6 {[%clk 01:27:46]} {[%emt
00:00:06]} 19. gxh5 {[%clk 01:35:19]} {[%emt 00:00:11]} a6 {[%clk 01:20:28]}
{[%emt 00:07:47]} 20. a4 {[%clk 01:32:04]} {[%emt 00:03:45]} Rab8 {[%clk
01:10:40]} {[%emt 00:10:18]} 21. Kg2 {[%clk 01:27:14]} {[%emt 00:05:20]} Kg7
{[%clk 00:54:01]} {[%emt 00:17:10]} 22. Ne2 {[%clk 01:22:49]} {[%emt 00:04:55]}
b5 {[%clk 00:53:29]} {[%emt 00:01:02]} 23. axb5 {[%clk 01:23:13]} {[%emt
00:00:06]} axb5 {[%clk 00:53:54]} {[%emt 00:00:05]} 24. Bd5 {[%clk 01:23:40]}
{[%emt 00:00:04]} Bf6 {[%clk 00:39:54]} {[%emt 00:14:30]} 25. Ng3 {[%clk
01:22:54]} {[%emt 00:01:16]} Rb6 {[%clk 00:39:42]} {[%emt 00:00:42]} 26. Ra1
{[%clk 01:15:46]} {[%emt 00:07:37]} Bxb2 {[%clk 00:35:31]} {[%emt 00:04:41]}
27. Ra7 {[%clk 01:16:08]} {[%emt 00:00:08]} Be5 {[%clk 00:33:48]} {[%emt
00:02:13]} 28. Nf5+ {[%clk 01:16:30]} {[%emt 00:00:08]} Kh7 {[%clk 00:34:02]}
{[%emt 00:00:16]} 29. Bxf7 {[%clk 01:15:55]} {[%emt 00:01:05]} Rxf7 {[%clk
00:19:55]} {[%emt 00:14:37]} 30. Rxf7+ {[%clk 01:16:15]} {[%emt 00:00:09]} Kh8
{[%clk 00:20:11]} {[%emt 00:00:15]} 31. Nxh6 {[%clk 01:10:18]} {[%emt
00:06:27]} Ra6 {[%clk 00:20:09]} {[%emt 00:00:33]} 32. Rc7 {[%clk 01:10:02]}
{[%emt 00:00:46]} Ra2 {[%clk 00:19:22]} {[%emt 00:01:16]} 33. Nf7+ {[%clk
01:08:28]} {[%emt 00:02:04]} Kg8 {[%clk 00:19:45]} {[%emt 00:00:06]} 34. h6
{[%clk 01:08:30]} {[%emt 00:00:29]} Rxc2+ {[%clk 00:19:29]} {[%emt 00:00:46]}
35. Kf3 {[%clk 01:08:58]} {[%emt 00:00:02]} Rxh2 {[%clk 00:18:36]} {[%emt
00:01:23]} 36. Nxe5 {[%clk 01:09:16]} {[%emt 00:00:11]} dxe5 {[%clk 00:18:35]}
{[%emt 00:00:33]} 37. Rxc5 {[%clk 01:09:38]} {[%emt 00:00:08]} Rxh6 {[%clk
00:16:26]} {[%emt 00:02:39]} 38. Rxb5 {[%clk 01:09:19]} {[%emt 00:00:48]} Rh3+
{[%clk 00:15:37]} {[%emt 00:01:19]} 39. Kg4 {[%clk 01:02:08]} {[%emt 00:07:42]}
Rxd3 {[%clk 00:15:27]} {[%emt 00:00:40]} 40. Kf5 {[%clk 01:02:08]} {[%emt
00:00:30]} Rd6 {[%clk 00:06:07]} {[%emt 00:09:49]} 41. Kxe5 {[%clk 01:01:10]}
{[%emt 00:01:27]} Rh6 {[%clk 00:05:51]} {[%emt 00:00:46]} 42. Rb7 {[%clk
01:01:12]} {[%emt 00:00:28]} Kf8 {[%clk 00:05:46]} {[%emt 00:00:36]} 43. Kf5
{[%clk 00:57:11]} {[%emt 00:04:31]} Ke8 {[%clk 00:05:45]} {[%emt 00:00:31]} 44.
e5 {[%clk 00:56:41]} {[%emt 00:01:00]} Ra6 {[%clk 00:05:43]} {[%emt 00:00:31]}
1/2-1/2

[Event "DVM U20 2020"]
[Site "Willingen GER"]
[Date "2021.06.24"]
[Round "2"]
[White "Dornieden, Jonas"]
[Black "Askerov, Imamali"]
[Result "0-1"]
[Termination "normal"]
[Board "4.4"]
[WhiteElo "2079"]
[BlackElo "1937"]
[WhiteClock "00:28:21"]
[BlackClock "00:19:54"]
[WhiteTeam "SK Lehrte von 1919 e. V."]
[BlackTeam "Post SV Uelzen"]
[PlyCount "110"]
[WhiteFideId "1336460"]
[BlackFideId "12974498"]
[EventCountry "GER"]
[EventRounds "7"]
[EventType "team-swiss"]
[EventDate "2021.06.23"]

1. d4 {[%clk 01:30:57]} {[%emt 00:00:01]} d5 {[%clk 01:30:32]} {[%emt
00:00:29]} 2. c4 {[%clk 01:31:20]} {[%emt 00:00:06]} e6 {[%clk 01:30:51]}
{[%emt 00:00:12]} 3. Nc3 {[%clk 01:31:44]} {[%emt 00:00:07]} c6 {[%clk
01:31:06]} {[%emt 00:00:14]} 4. e3 {[%clk 01:30:49]} {[%emt 00:01:24]} Nf6
{[%clk 01:31:22]} {[%emt 00:00:14]} 5. Nf3 {[%clk 01:30:57]} {[%emt 00:00:22]}
Bd6 {[%clk 01:31:26]} {[%emt 00:00:28]} 6. Qc2 {[%clk 01:27:31]} {[%emt
00:03:55]} O-O {[%clk 01:31:36]} {[%emt 00:00:19]} 7. b3 {[%clk 01:21:54]}
{[%emt 00:06:07]} Nbd7 {[%clk 01:31:05]} {[%emt 00:01:02]} 8. Bd3 {[%clk
01:19:50]} {[%emt 00:02:33]} h6 {[%clk 01:17:18]} {[%emt 00:14:18]} 9. Bb2
{[%clk 01:16:17]} {[%emt 00:04:02]} Re8 {[%clk 01:16:14]} {[%emt 00:01:34]} 10.
O-O {[%clk 01:13:12]} {[%emt 00:03:36]} a6 {[%clk 01:11:22]} {[%emt 00:05:22]}
11. a4 {[%clk 01:10:29]} {[%emt 00:03:13]} b6 {[%clk 00:53:55]} {[%emt
00:17:56]} 12. e4 {[%clk 01:05:13]} {[%emt 00:05:46]} dxe4 {[%clk 00:51:36]}
{[%emt 00:02:49]} 13. Nxe4 {[%clk 01:04:44]} {[%emt 00:00:59]} Nxe4 {[%clk
00:48:17]} {[%emt 00:03:50]} 14. Bxe4 {[%clk 01:04:36]} {[%emt 00:00:37]} Bb7
{[%clk 00:48:36]} {[%emt 00:00:11]} 15. Ne5 {[%clk 01:02:19]} {[%emt 00:02:47]}
Nxe5 {[%clk 00:42:27]} {[%emt 00:06:39]} 16. dxe5 {[%clk 01:02:00]} {[%emt
00:00:50]} Be7 {[%clk 00:42:06]} {[%emt 00:00:51]} 17. Rad1 {[%clk 00:57:00]}
{[%emt 00:05:29]} Qc7 {[%clk 00:42:29]} {[%emt 00:00:07]} 18. f4 {[%clk
00:49:24]} {[%emt 00:08:05]} Rad8 {[%clk 00:40:41]} {[%emt 00:02:19]} 19. f5
{[%clk 00:34:50]} {[%emt 00:15:04]} exf5 {[%clk 00:40:23]} {[%emt 00:00:48]}
20. Bxf5 {[%clk 00:29:37]} {[%emt 00:05:42]} Bc5+ {[%clk 00:37:38]} {[%emt
00:03:16]} 21. Kh1 {[%clk 00:29:47]} {[%emt 00:00:21]} Bc8 {[%clk 00:36:28]}
{[%emt 00:01:40]} 22. Rxd8 {[%clk 00:15:34]} {[%emt 00:14:41]} Rxd8 {[%clk
00:36:36]} {[%emt 00:00:23]} 23. Bxc8 {[%clk 00:09:42]} {[%emt 00:06:23]} Qxc8
{[%clk 00:36:34]} {[%emt 00:00:31]} 24. Qe4 {[%clk 00:06:28]} {[%emt 00:03:43]}
Qe6 {[%clk 00:35:13]} {[%emt 00:01:52]} 25. h3 {[%clk 00:06:35]} {[%emt
00:00:23]} Qd7 {[%clk 00:28:22]} {[%emt 00:07:20]} 26. Bc3 {[%clk 00:06:28]}
{[%emt 00:00:37]} Qd3 {[%clk 00:26:12]} {[%emt 00:02:41]} 27. Qf3 {[%clk
00:06:21]} {[%emt 00:00:37]} Qxf3 {[%clk 00:25:43]} {[%emt 00:00:59]} 28. Rxf3
{[%clk 00:06:40]} {[%emt 00:00:11]} Rd1+ {[%clk 00:22:00]} {[%emt 00:04:13]}
29. Kh2 {[%clk 00:07:05]} {[%emt 00:00:05]} Rb1 {[%clk 00:21:58]} {[%emt
00:00:32]} 30. Bd2 {[%clk 00:05:46]} {[%emt 00:01:48]} Bd4 {[%clk 00:21:25]}
{[%emt 00:01:03]} 31. Bf4 {[%clk 00:05:44]} {[%emt 00:00:32]} Re1 {[%clk
00:13:05]} {[%emt 00:08:50]} 32. h4 {[%clk 00:02:02]} {[%emt 00:04:12]} Kf8
{[%clk 00:08:50]} {[%emt 00:04:44]} 33. Kg3 {[%clk 00:00:42]} {[%emt 00:01:50]}
Bxe5 {[%clk 00:07:18]} {[%emt 00:02:03]} 34. Bxe5 {[%clk 00:01:03]} {[%emt
00:00:09]} Rxe5 {[%clk 00:07:43]} {[%emt 00:00:05]} 35. Kf4 {[%clk 00:01:03]}
{[%emt 00:00:31]} Re1 {[%clk 00:07:42]} {[%emt 00:00:29]} 36. Rd3 {[%clk
00:01:09]} {[%emt 00:00:24]} Ke7 {[%clk 00:08:06]} {[%emt 00:00:07]} 37. g3
{[%clk 00:00:58]} {[%emt 00:00:42]} Re6 {[%clk 00:07:57]} {[%emt 00:00:38]} 38.
Rd4 {[%clk 00:00:35]} {[%emt 00:00:53]} a5 {[%clk 00:07:48]} {[%emt 00:00:39]}
39. Rd3 {[%clk 00:00:35]} {[%emt 00:00:30]} Rd6 {[%clk 00:07:31]} {[%emt
00:00:47]} 40. Re3+ {[%clk 00:00:52]} {[%emt 00:00:13]} Kd7 {[%clk 00:07:50]}
{[%emt 00:00:11]} 41. h5 {[%clk 00:29:24]} {[%emt 00:01:58]} Rf6+ {[%clk
00:37:36]} {[%emt 00:00:44]} 42. Kg4 {[%clk 00:27:40]} {[%emt 00:02:15]} Kd6
{[%clk 00:37:58]} {[%emt 00:00:08]} 43. Kh4 {[%clk 00:27:35]} {[%emt 00:00:34]}
Kc5 {[%clk 00:37:42]} {[%emt 00:00:47]} 44. g4 {[%clk 00:27:15]} {[%emt
00:00:49]} Kd4 {[%clk 00:35:13]} {[%emt 00:02:58]} 45. Re7 {[%clk 00:26:58]}
{[%emt 00:00:48]} Rf3 {[%clk 00:33:36]} {[%emt 00:02:08]} 46. Rb7 {[%clk
00:27:17]} {[%emt 00:00:11]} Kc5 {[%clk 00:33:15]} {[%emt 00:00:51]} 47. Rc7
{[%clk 00:27:30]} {[%emt 00:00:17]} g5+ {[%clk 00:23:06]} {[%emt 00:10:38]} 48.
hxg6 {[%clk 00:27:53]} {[%emt 00:00:07]} fxg6 {[%clk 00:23:32]} {[%emt
00:00:03]} 49. Rh7 {[%clk 00:26:41]} {[%emt 00:01:45]} h5 {[%clk 00:20:21]}
{[%emt 00:03:58]} 50. gxh5 {[%clk 00:26:55]} gxh5 {[%clk 00:20:31]} {[%emt
00:00:18]} 51. Rxh5+ {[%clk 00:27:07]} {[%emt 00:00:17]} Kb4 {[%clk 00:20:00]}
{[%emt 00:01:01]} 52. Rh6 {[%clk 00:27:21]} {[%emt 00:00:16]} Rxb3 {[%clk
00:19:52]} {[%emt 00:00:38]} 53. Rxc6 {[%clk 00:27:46]} {[%emt 00:00:06]} Kxa4
{[%clk 00:20:10]} {[%emt 00:00:11]} 54. Kg4 {[%clk 00:27:58]} {[%emt 00:00:18]}
Rb4 {[%clk 00:19:38]} {[%emt 00:01:02]} 55. Kf3 {[%clk 00:28:21]} {[%emt
00:00:07]} Kb3 {[%clk 00:19:54]} {[%emt 00:00:13]} 0-1